LIBRARY & INFORMATION CENTRE, KCAET, TAVANUR

ONLINE PUBLIC ACCESS CATALOGUE (OPAC)

Design of steel structures (Record no. 13919)

MARC details
000 -LEADER
fixed length control field 00308nam a22001217a 4500
020 ## - INTERNATIONAL STANDARD BOOK NUMBER
ISBN 9788123905389
082 ## - DEWEY DECIMAL CLASSIFICATION NUMBER
Classification number 624.1821
Item number ABU/DE
100 ## - MAIN ENTRY--AUTHOR NAME
Personal name Abu-Saba, Elias G
245 ## - TITLE STATEMENT
Title Design of steel structures
260 ## - PUBLICATION, DISTRIBUTION, ETC. (IMPRINT)
Place of publication New Delhi
Name of publisher CBS Publishers & Distributors Pvt. ltd.
Year of publication 1997
300 ## - PHYSICAL DESCRIPTION
Number of Pages 391p
942 ## - ADDED ENTRY ELEMENTS (KOHA)
Koha item type Books
Holdings
Withdrawn status Lost status Damaged status Collection code Home library Current library Shelving location Date acquired Source of acquisition Cost, normal purchase price Full call number Accession Number Koha item type
      Non-fiction KAUAET KAUAET General Stacks 30/03/2013 Minerva Books 275.00 624.1821 ABU/DE 23793 Books
free website counter